1392 1193 1267 1067 1806 1345 1554 1073 1605 1791 1663 1711 1061 1319 1400 1254 1495 1525 1969 1351 1180 1112 1236 1176 1804 1726 1746 1588 1344 1562 1998 1536 1264 1255 1654 1006 1303 1568 1305 1379 1711 1575 1541 1263 1069 1630 1642 1561 1226 1137 1423 1714 1263 1264 1024 1677 1749 1192 1415 1175 1280 1552 1971 1828 1930 1076 1109 1077 1071 1941 1985 1832 1870 1023 1479 1769 1003 1682 1434 1170 1474 1715 1037 1956 1133 1204 1514 1853 1060 1669 1074 1298 1760 1051 1489 1557 1469 1547 1064 BCNSPRNW ULIB Ver.6.0+V

เปลี่ยนเป็นภาษาไทย

Change to English
 แสดงรายละเอียดบรรณานุกรม
  กลับหน้าหลัก

Brief Record : Get Marc (ISO 2709) : E-mail record : QR code < ปิดหน้าต่าง
LEADER : 00000nam 2200000uu 4500
001    13399113611
003     ULIB
008    111128s2552||||th 000 0 tha d
020    ^a9786110600255
090    ^aนว.^bL111K 2552
100 0  ^aTheLittleFinger
245 00 ^aKiss of Mars ปฏิบัติการยึดรักข้ามดวงดาว/^cTheLittleFinger
250    ^aพิมพ์ครั้งที่ 1
260    ^aกรุงเทพฯ :^bแจ่มใส,^c2552
300    ^a258 หน้า
710 1  ^aแจ่มใส
945    ^p189^l0^i15822
995    ^aทศพร
999    ^aใช้งานได้ทุกระบบ
รายการนี้ยังไม่มีแท็ก
คุณยังไม่ได้ล็อกอิน คุณสามารถมีกิจกรรมร่วมกับเว็บไซต์ได้ แต่ต้องล็อกอินก่อน ::
  ล็อกอิน

รายการสื่อสารสนเทศ

ลำดับที่ ประเภท เลขเรียก/บาร์โค้ด สถานที่ สถานะ
1. นวนิยาย
นวนิยาย
นว. L111K 2552 ฉ.1 
  Barcode: 15822
ห้องสมุดวิทยาเขตสวรรค์ประชารักษ์
►นวนิยาย
บนชั้น
  ขอยืม

รายการใกล้เคียง
    ผู้แต่ง [TheLittleFinger]

BibComment


ยังไม่เคยถูกคอมเมนท์

คอมเมนท์ทรัพยากรรายการนี้
  คอมเมนท์: Kiss of Mars ปฏิ..


 Copyright 2026. Bcnsprnw @Library